Hoàng Lê nhất thống chí Tiểu thuyết lịch sử T.2

Bewaard in:
Bibliografische gegevens
Hoofdauteur: Ngô Gia Văn Phái
Andere auteurs: Nguyễn Đức Vân (Dịch), Kiều Thu Hoạch (Dịch)
Formaat: Boek
Taal:Vietnamese
Gepubliceerd in: H. Văn học 2001
Editie:In lần thứ 3 có sữa chữa
Reeks:Tủ sách văn học mọi nhà
Onderwerpen:
Tags: Voeg label toe
Geen labels, Wees de eerste die dit record labelt!
Thư viện lưu trữ: Mạng thư viện Đại học Đà Nẵng
LEADER 01369nam a2200385 4500
001 000005180
003 1323
005 20120417080434.0
008 110811s2001 viesd
020 |c 10000đ 
041 0 |a vie 
082 |a 895.9223  |b NG-P 
100 0 |a Ngô Gia Văn Phái 
245 1 0 |a Hoàng Lê nhất thống chí  |b Tiểu thuyết lịch sử  |c Ngô Gia Văn Phái ; Nguyễn Đức Vân, Kiều Thu Hoạch dịch  |n T.2 
250 |a In lần thứ 3 có sữa chữa 
260 |a H.  |b Văn học  |c 2001 
300 |a 240 tr.  |c 19 cm. 
490 |a Tủ sách văn học mọi nhà 
653 |a Văn học cận đại 
653 |a Truyện lịch sử 
653 |a Việt Nam 
700 |a Nguyễn Đức Vân  |e Dịch 
700 |a Kiều Thu Hoạch  |e Dịch 
773 |t Hoàng Lê nhất thống chí  |w 1319 
910 |a Huỳnh Thị Cẩm Lai  |d 11/08/2011 
OWN |a LSP 
AVA |a UDN50  |b LSP  |d 895.9223 NG-P  |e unavailable  |t Error 5002 Not defined in file expand_doc_bib_avail.  |f 2  |g 2  |h N  |i 0  |k 1 
999 |a From the UDN01 
AVA |a UDN50  |b LSP  |d 895.9223 NG-P  |e unavailable  |t Error 5002 Not defined in file expand_doc_bib_avail.  |f 2  |g 2  |h N  |i 0  |k 1 
TYP |a Monograph 
TYP |a Printed language 
980 |a Mạng thư viện Đại học Đà Nẵng